000 00368nam a2200133Ia 4500
008 151001s9999||||xx |||||||||||||| ||und||
100 _aMukhyananda Swami
245 _aHinduism: The Eternal Dharma
250 _a1
260 _bCentral law Agency
260 _c2000
300 _a181
365 _b21
999 _c979327
_d979324